| 000 | 00407 a2200157 4500 | ||
|---|---|---|---|
| 003 | Nust | ||
| 005 | 20170207171856.0 | ||
| 040 | _cNust | ||
| 082 | _a005.1 | ||
| 100 | _aAsim, Muhammad BESE-18 | ||
| 245 |
_aTeacher's Assistant (TA) _cMaj Muhammad Asim, Maj Muhammad Razzaq, Capt Mohsin Riaz |
||
| 260 |
_aMCS, NUST _bRawalpindi _cMay 2016 |
||
| 300 | _aiv, 86 p | ||
| 650 | _aUG Projects | ||
| 651 | _aUG CSE Project | ||
| 942 | _cPRG | ||
| 999 |
_c219397 _d219397 |
||